Brexit in Terms of Foreign Trade, Value Added and Employment
Vplyv Brexitu na zamestnanosť a pridanú hodnotu. Zahraničný obchod UK a EÚ so zameraním na Slovensko. Potenciálne tarifné opatrenia z hľadiska slovenského dovozu a vývozu.
Gespeichert in:
| 1. Verfasser: | |
|---|---|
| Weitere Verfasser: | , |
| Format: | Buchkapitel |
| Sprache: | Englisch |
| Schlagworte: | |
| Tags: |
Keine Tags, Fügen Sie das erste Tag hinzu!
|
MARC
| LEADER | 00000naa$a2200000$$$4500 | ||
|---|---|---|---|
| 001 | 0249198 | ||
| 005 | 20240502083709.6 | ||
| 041 | 0 | |a eng | |
| 044 | |a CZ | ||
| 245 | 1 | 0 | |a Brexit in Terms of Foreign Trade, Value Added and Employment |c Gabriela Dováľová, Boris Hošoff, Erika Stracová |
| 520 | |a Vplyv Brexitu na zamestnanosť a pridanú hodnotu. Zahraničný obchod UK a EÚ so zameraním na Slovensko. Potenciálne tarifné opatrenia z hľadiska slovenského dovozu a vývozu. | ||
| 610 | 2 | 0 | |a obchod zahraničný |
| 610 | 2 | 0 | |a trh práce |
| 610 | 2 | 0 | |a hodnota pridaná |
| 610 | 2 | 0 | |a zamestnanosť |
| 610 | 2 | 0 | |a integrácia ekonomická |
| 610 | 2 | 0 | |a integrácia ekonomická medzinárodná |
| 610 | 2 | 0 | |a Európska únia |
| 610 | 2 | 0 | |a Veľká Británia |
| 610 | 2 | 0 | |a Slovensko |
| 610 | 2 | 0 | |a dovoz |
| 610 | 2 | 0 | |a vývoz |
| 100 | 1 | |a Dováľová, Gabriela, 1982- | |
| 700 | 1 | |a Hošoff, Boris | |
| 700 | 1 | |a Stracová, Erika, 1993- | |